| 000 | 00398cam a2200157ua 4500 | ||
|---|---|---|---|
| 003 | OSt | ||
| 008 | 241226b |||||||| |||| 00| 0 eng d | ||
| 020 | _a9788129700834 | ||
| 041 | _aeng | ||
| 082 |
_a006.3 _bJAI/FU |
||
| 100 |
_aAnil K, Jain . _96630 |
||
| 245 | _aFundamentsld of Digital Image processing / | ||
| 260 |
_a : _bPearson Education Asia , _c1967. |
||
| 300 | _a569 ; . | ||
| 942 | _cBK | ||
| 999 |
_c12399 _d12399 |
||